| 000 | 00604nam a2200181 i 4500 | ||
|---|---|---|---|
| 001 | 30972 | ||
| 003 | ES-MaACL | ||
| 005 | 20230906154301.0 | ||
| 007 | t| | ||
| 008 | 030128s1971 sp ||||1| cat d | ||
| 100 | 1 |
_aBatllori, Miguel. _926460 |
|
| 245 | 1 | 0 |
_aCatalunya a l'Epoca Moderna _b: recerques d'histáoria cultural i religiosa / _cMiquel Batllori ; a cura de Josep M. Benítez i Riera. |
| 250 | _a[1ª ed.]. | ||
| 260 |
_aBarcelona : _bEdicions 62, _c[1971] |
||
| 300 |
_a504 p., 16 lám. ; _c21 cm. |
||
| 700 | 0 |
_aBenítez i Riera, Josep Maria. _927638 |
|
| 852 |
_aES-MaACL _jC-46411 _bR.77341 |
||
| 999 |
_c30972 _d30972 |
||